000 00412nam a2200169Ia 4500
001 19502
003 IN-NITTTR
005 20251114233225.0
008 251113s9999||||xx |||||||||||||| ||eng||
040 _beng
040 _cIN-NITTTR
041 _aeng
082 _a025.302854 E74
100 _aNelson, Nancy Melin
245 0 _aEssential guide to the library IBM PC /
_cNelson, Nancy Melin
942 _2ddc
_cBK
999 _c22136
_d22136